000 00931nam a2200277 a 4500
001 10933
003 BD-RjUL
005 20211208235037.0
008 140125s1976 ne abd b 001 0 eng d
020 _a0444413308
035 _a(BD-RjUL)10982
040 _aD2035
_beng
_cD2035
_dBD-RjUL
041 0 _aeng
_bfre
082 0 4 _a551.22
_bGUD 1976
100 1 _aGupta, Harsh K.
_q(Harsh Kumar),
_d1942-
_933787
245 1 0 _aDams and earthquakes /
_cby Harsh K. Gupta and B.K. Rastogi.
260 _aAmsterdam ;
_aOxford [etc.] :
_bElsevier,
_cc1976.
300 _axvi,229p :
_bill, charts, maps ;
_c25cm.
500 _aEnglish text, parallel French and English forewords.
504 _aBibl.: p.205-215. - Index.
650 0 _aEarthquakes and hydraulic structures.
_933789
650 0 _aReservoirs.
_933790
700 1 _aRastogi, B. K.
_933791
942 _2ddc
_cBK
999 _c10933
_d10933